00423nam a22001457a 450000500170000000800410001702000150005804100120007308200120008510000120009724500710010926000460018030000250022665000260025120240809091630.0240809b |||||||| |||| 00| 0 eng d a0702153915 aEnglish a349 SOU lEnglish aJuta's Index and Annotations to the South African Law Reports 1999 aCape Town: bJuta and Company Ltd, c2000 b300 pages; c25 cm.  aLegal practice bLaw